| 000 | 00698cab a2200217 4500 | ||
|---|---|---|---|
| 001 | ABS44826 | ||
| 008 | 090401t1991 xxu||||| |||| 00| 0 eng d | ||
| 035 | _a(Sirsi) u49275 | ||
| 041 | _aeng | ||
| 100 | _aSmith, P. | ||
| 245 | _aOur energy future: policy and practice | ||
| 260 | _c1991 | ||
| 350 | _a0 | ||
| 490 |
_aArchitects` Journal _v194(1) 3 July 1991, 47-50(3) |
||
| 520 | _aSummarises current energy issues and the environment . Looks at renewable energy sources, energy conservation and the principle of the carbon tax . | ||
| 650 | _aGLOBAL WARMING | ||
| 650 | _aGREENHOUSE EFFECT | ||
| 690 | _aENVIRONMENTAL AND LAND CONSULTANCY-ENERGY | ||
| 942 | _n0 | ||
| 948 | _c04/03/1997 | ||
| 999 |
_c30829 _d30829 |
||